Logo biblioteca
Santa Fe 2917, Rosario, Santa Fe
Lu-Vi 8 a 19.45
+54-341-4232362
bibliotecaeudoro@gmail.com
Facebook Biblioteca Pedagógica
Sitio web

Leer y comprender textos de economía / (Registro nro. 32762)

Detalles MARC
000 -CABECERA
campo fijo de control de longitud 01254nab a2200253 4500
003 - IDENTIFICADOR DEL NÚMERO DE CONTROL
campo de control AR-RoBPED
005 - FECHA Y HORADE LA ULTIMA TRANSACCION
campo de control 20260514101154.0
008 - ELEMENTOS DE LONGITUD FIJA--INFORMACION GENERAL
campo fijo de control de longitud 260514b |||||||| |||| 00| 0 spa d
040 ## - FUENTE CATALOGADORA
Centro catalogador/agencia de origen AR-RoBPED
041 ## - IDIOMA
Código de idioma para texto/pista de sonido o título independiente spa
100 1# - ENCABEZAMIENTO PRINCIPAL--AUTOR PERSONAL
Nombre de persona Rodríguez, Ezequiel S.
9 (RLIN) 24842
Función Licenciado en Ciencia Política
245 1# - TITULO
Título Leer y comprender textos de economía /
260 ## - PUBLICACION
Lugar Buenos Aires :
Editor Noveduc,
Fecha 2023
300 ## - DESCRIPCION FISICA
Extensión p.60
500 ## - NOTA GENERAL
Nota general El siguiente texto aborda la perspectiva dentro de un proyecto doctoral de una becaria del CONICET que ha realizado su investigación dentro de la asignatura Economía de, la escuela media. El mismo se enmarca en un proyecto de investigación más amplio de trabajo colaborativo entre docente e investigadora para el diseño, implementación y evaluación de todo un ciclo lectivo con el fin de leer comprensivamente textos de economía.
650 #0 - TERMINO DE MATERIA--CONTROLADO
Término controlado TRABAJO COLABORATIVO
9 (RLIN) 27984
Término controlado INVESTIGADORES
9 (RLIN) 5018
Término controlado DOCENTES
9 (RLIN) 344
Término controlado ECONOMIA
9 (RLIN) 396
Término controlado ENSEÑANZA
9 (RLIN) 342
773 0# - DOCUMENTO FUENTE
Host Biblionumber 20414
Host Itemnumber 41865
Place, publisher, and date of publication Buenos Aires : Noveduc, 1993-
Título Novedades Educativas
Record control number (AR-RoBPED)20414
International Standard Serial Number 03283534
942 ## - ELEMENTOS KOHA
Fuente de clasificación Universal Decimal Classification
Koha tipo de ítem Revistas
Clasificación 37(05)
Signatura librística Nov 86 N° 390 (Sept.2023)
Número Koha k.32762
945 ## - PROCESAMIENTO DE LA INFORMACIÓN LOCAL
Catalogador y fecha mar 05/2026

No hay ítems disponibles.